000
00443nam a2200169Ia 4500
008
090711s9999 xx 000 0 und d
082
_b
45681
100
_a
हसमनीस द. का.
245
_a
झंझावत
260
_c
1982
300
_a
229
600
_a
हसमनीस द. का.
630
_a
झंझावत
700
_a
हसमनीस द. का.
730
_a
झंझावत
942
_c
BOOK
999
_c
298227
_d
298227